000
00181 a2200085 4500
245
_a
Izithelo zokuganga
_h
Text
100
_a
T.P Ndlovu
650
_a
ndebele literature
005
20191021100044.0
084
_a
NONE
999
_c
13013
_d
13013